Multiple Choice City Quiz - Chester - Statistics

General Stats
  • This quiz has been taken 34 times
  • The average score is 8 of 10
Answer Stats
Question Answer % Correct
Chester can be found in which English county? Cheshire
100%
Unique in Britain, some of Chester's shops are located on two levels in covered walkways known by which name ? The Rows
100%
Apart from about 100m (330ft) Chester is completely surrounded by what? City Walls
97%
Which river flows through Chester? River Dee
97%
The Roodee is the oldest sporting venue still in operation for which sport? Horse Racing
93%
Chester was founded in 79AD as a "castrum". What was a "castrum"? Roman Fort
93%
Which popular TV soap opera is filmed in Chester? Hollyoaks
86%
The famous clock in Chester is said to be the most photographed after Big Ben. On which street is it located? Eastgate
72%
The private King's School, was established by which king? King Henry VIII
41%
Which of these pictures depicts the coat of arms of Chester?
34%
No matching quizzes found
Score Distribution
Percent of People with Each Score
Percentile by Number Answered
Your Score History
You have not taken this quiz